000 00671nam a2200241Ia 4500
003 IN-BaIIA
008 211028s9999 xx 000 0 eng d
020 _a978-0-470-01784-5
040 _cIIA Library
080 _a535
_bSMI
100 _aGraham-Smith, F
_916939
245 0 _aOptics and photonics
_ban introduction
_cF. Graham Smith and Terry A. King.
250 _a2nd ed.
260 _aChichester
_bJohn Wiley & Sons
_c2007
300 _ax, 506p.
650 _aGeomatric optics
_932143
650 _aLight - properties
_932144
650 _aOptics
650 _aPhotonics
_911083
700 _aKing, T. A
_927045
700 _aWilkins, D
_932145
942 _cBK
999 _c17087
_d17087